LEADER 03575 am 22004573u 450 001 9910137101403321 005 20230621135623.0 010 $a1-909188-85-9 010 $a1-909188-83-2 035 $a(CKB)3710000000824689 035 $a(EXLCZ)993710000000824689 100 $a20170828h2016uuuu |u| 0 101 0 $aeng 135 $aurm|#|||||||| 181 $ctxt$2rdacontent 182 $cc$2rdamedia 183 $acr$2rdacarrier 200 10$aAnimal (De)liberation $eshould the consumption of animal products be banned? /$fJan Deckers 210 1$aLondon, United Kingdom :$cUbiquity Press,$d2016. 210 4$d©2016 215 $a1 online resource (ix, 234 pages) $cdigital, PDF file(s) 300 $aIncludes bibliographic references ([191]-234). 311 08$aPrint version: 9781909188839 327 $aThe consumption of animal products and the human right to health care --The ethics of qualified moral veganism --The politics of qualified moral veganism --An evaluation of others' deliberations --Might a vegan diet be healthy, or even healthier? 330 3 $aIn this book, Jan Deckers addresses the most crucial question that people must deliberate in relation to how we should treat other animals: whether we should eat animal products. Many people object to the consumption of animal products from the conviction that it inflicts pain, suffering, and death upon animals. This book argues that a convincing ethical theory cannot be based on these important concerns: rather, it must focus on our interest in human health. Tending to this interest demands not only that we extend speciesism--the attribution of special significance to members of our own species merely because they belong to the same species as ourself--towards nonhuman animals, but also that we safeguard the integrity of nature. In this light, projects that aim to engineer the genetic material of animals to reduce their capacities to feel pain and to suffer are morally suspect. The same applies to projects that aim to develop in-vitro flesh, even if the production of such flesh should be welcomed on other grounds. The theory proposed in this book is accompanied by a political goal, the 'vegan project', which strives for a qualified ban on the consumption of animal products. Deckers also provides empirical evidence that some support for this goal exists already, and his analysis of the views of others--including those of slaughterhouse workers--reveals that the vegan project stands firm in spite of public opposition. Many charges have been pressed against vegan diets, including: that they alienate human beings from nature; that they increase human food security concerns; and that they are unsustainable. Deckers argues that these charges are legitimate in some cases, but that, in many situations, vegan diets are actually superior. For those who remain doubtful, the book also contains an appendix that considers whether vegan diets might actually be nutritionally adequate. 606 $aAnimal rights 606 $aMeat industry and trade$xMoral and ethical aspects 606 $aFood habits$xMoral and ethical aspects 606 $aVeganism 606 $aSpeciesism 615 0$aAnimal rights. 615 0$aMeat industry and trade$xMoral and ethical aspects. 615 0$aFood habits$xMoral and ethical aspects. 615 0$aVeganism. 615 0$aSpeciesism. 700 $aDeckers$b Jan$0916546 801 2$bUkMaJRU 906 $aBOOK 912 $a9910137101403321 996 $aAnimal (De)liberation$92054585 997 $aUNINA LEADER 01297nam0 22002651i 450 001 RML0308565 005 20231121125750.0 100 $a20121121d1875 ||||0itac50 ba 101 | $aita 102 $ait 181 1$6z01$ai $bxxxe 182 1$6z01$an 200 1 $a˜La œsismologia ed il magnetismo terrestre, secondo le piu recenti osservazioni fatte in Italia$eRelazione presentata al congresso internazionale delle scienze geografiche di Parigi per cura della Società Geografica italiana$fLuigi Gatta 210 $aRoma $cTipografia Cenniniana $d1875 215 $a124 p.$c2 carte sismografiche e 2 tav.$d26 cm. 606 $aSismologia terrestre$2FIR$3RMLC386760$9I 700 1$aGatta$b, Luigi$c $3RMLV198896$069242 801 3$aIT$bIT-01$c20121121 850 $aIT-FR0017 899 $aBiblioteca umanistica Giorgio Aprea$bFR0017 912 $aRML0308565 950 0$aBiblioteca umanistica Giorgio Aprea$d 52CIS D.M.A.B./584$e 52VM 0000787755 VM barcode:76742-10. - Inventario:35086. - Fondo:Laboratorio Valorizzazione TerritorialeVM$fB $h20090408$i20121204 977 $a 52 996 $aSismologia ed il magnetismo terrestre, secondo le piu recenti osservazioni fatte in Italia$93631586 997 $aUNICAS